00406nam a22001097a 4500082002600000100001600026245014200042260004300184300002400227526003700251650000800288 a681.2bPULcL-24, P-9 aErnest Pull a Modern engineering measuring toolsbA handbook on measuring and precision tools as used in the modern tool-room and engineering workshop aLondonbThe technical press ltd.c1918 aviii, 115 p.billus a0b0c0d681_200000000000000_PUL aMCE